The pocket Roget's thesaurus

Bibliographic Details
Main Author: Davidson, George
Format: Book
Published: New York : Penguin Books , 1988
Subjects:

MARC

LEADER 00000cam a2200000 7i4500
001 0000022931
005 20080813.0
008 080813
020 |a 0141019808 
090 0 0 |a 423.12   |b DAV 
100 1 |a Davidson, George 
245 1 0 |a The pocket Roget's thesaurus 
260 |a New York :   |b Penguin Books ,   |c 1988 
650 0 |a English language   |x synonyms and antonyms   |x Dictionaries 
999 |a 0001025100   |b Book   |c REFERENCE   |e Perbadanan Perpustakaan Awam Johor